| 000 | 00398pam a2200157 i 4500 | ||
|---|---|---|---|
| 020 | _a0024240907 | ||
| 040 | _cDLC | ||
| 082 | 0 | 0 | _a519 MAC 1976 A027 Or. |
| 100 | 1 | _aWalpole, Ronald E. | |
| 245 | 1 | 0 | _aElementary statistical concepts / |
| 260 |
_aNew York : _bMacmillan, _c[1976] |
||
| 300 |
_aviii, 231 p. : _bill. ; _c24 cm. |
||
| 500 | _aIncludes index. | ||
| 650 | 0 | _aStatistics. | |
| 942 | _cEK | ||
| 999 |
_c12956 _d12956 |
||